| 000 | 00488nam a22001931a 4500 | ||
|---|---|---|---|
| 001 | 2887 | ||
| 003 | OSt | ||
| 005 | 20260204211829.0 | ||
| 008 | 040405s1994||||ck ||||||b||||||||||spa|| | ||
| 020 | _a9586002608 | ||
| 050 | _a659.132 H539a | ||
| 082 | _a659.132 H539a | ||
| 100 | _aHiggins, Dennis | ||
| 245 | _aEl arte de escribir publicidad / Dennis Higgins | ||
| 264 | _aColombia : McGraw-Hill | ||
| 300 | _a139 p. | ||
| 650 | _a1.Publicidad por Medios ImpresosÌ | ||
| 942 |
_2ddc _cBK |
||
| 999 |
_c2887 _d2887 |
||